Ligne R du Transilien - Statistiques

Statistiques générales
  • Ce quiz a été pris 264 fois
  • Le résultat moyen est 18 sur 26
Statistiques - réponses
n gares correspondances % Correct
2 (séparation Mr/Mr/Mg) Melun RER D
99%
1 Paris-Gare-de-Lyon RER A DM 1 14
97%
14 Fontainebleau - Avon
88%
11 Montereau
87%
11 Montereau
87%
25 Montargis
86%
12 (vers Mr/Mg) Bois-le-Roi
85%
16 (séparation Mr/Mg) Moret-Veneux-les-Sablons
72%
17 (vers Mr) Saint-Mammès
70%
15 Thomery
68%
20 Nemours - Saint-Pierre
67%
8 Champagne-sur-Seine
64%
3 (vers Mr) Livry-sur-Seine
63%
4 Chartrettes
62%
23 Dordives
62%
13 Fontainebleau-Forêt
62%
6 Héricy
62%
10 La Grande-Paroisse
62%
22 Souppes - Château-Landon
62%
18 (vers Mg) Montigny-sur-Loing
59%
5 Fontaine-le-Port
56%
21 Bagneaux-sur-Loing
55%
24 Ferrières - Fontenay
54%
19 Bourron-Marlotte - Grez
53%
9 Vernou-sur-Seine
51%
7 Vulaines-sur-Seine - Samoreau
50%
Aucun quiz correspondant
Distribution des résultats
% des personnes avec chaque résultat
Percentile par nombre de réponses
Votre historique - résultats
Vous n’avez pas pris ce quiz